Govt. of
Madhya Pradesh

Constitution of India (Record no. 5471)

MARC details
000 -LEADER
fixed length control field 004340000a22001810004500
003 - CONTROL NUMBER IDENTIFIER
control field MACL
005 - DATE AND TIME OF LATEST TRANSACTION
control field 20150731153517.0
008 - FIXED-LENGTH DATA ELEMENTS--GENERAL INFORMATION
fixed length control field 150731b xxu||||| |||| 00| 0 eng d
040 ## - CATALOGING SOURCE
Original cataloging agency MACL
Transcribing agency MACL
041 ## - LANGUAGE CODE
Language code of text/sound track or separate title English
082 ## - DEWEY DECIMAL CLASSIFICATION NUMBER
Classification number 342
100 ## - MAIN ENTRY--PERSONAL NAME
Personal name Swarup, Jagadish
9 (RLIN) 3804
245 ## - TITLE STATEMENT
Title Constitution of India
260 ## - PUBLICATION, DISTRIBUTION, ETC. (IMPRINT)
Name of publisher, distributor, etc. Dandewal Publishing House
Date of publication, distribution, etc. 1985
Place of publication, distribution, etc. Allahabad
350 ## - PRICE (NR) (BK AM CF MU VM SE) [OBSOLETE]
Price 220
650 ## - SUBJECT ADDED ENTRY--TOPICAL TERM
Topical term or geographic name as entry element Law
9 (RLIN) 3805
942 ## - ADDED ENTRY ELEMENTS (KOHA)
Koha item type Books
Call number prefix 342
Source of classification or shelving scheme
Holdings
Withdrawn status Lost status Source of classification or shelving scheme Damaged status Not for loan Home library Current library Date acquired Cost, normal purchase price Total Checkouts Total Renewals Full call number Barcode Date last seen Date last checked out Uniform Resource Identifier Price effective from Koha item type
          MACL MACL 15/04/2015 220.00 1 1 342 CRE003497 02/05/2024 20/01/2016 5421 15/04/2015 Books